Lecciones de psicología

Guardado en:
Detalles Bibliográficos
Autor principal: Fingermann, Gregorio (Autor)
Formato: Libro
Lenguaje:español
Publicado: Buenos Aires El Ateneo 1962
Edición:22a. ed
Materias:
Etiquetas: Agregar Etiqueta
Sin Etiquetas, Sea el primero en etiquetar este registro!

MARC

LEADER 00000nam a2200000 a 4500
001 UCY5769
003 CL-VaPUC
008 950512e19620000AG |||||||||||||||||spa|d
082 0 4 |a 150  |b FIN  |2 21 
100 0 |a Fingermann, Gregorio  |e author  |9 334978 
245 1 0 |a Lecciones de psicología 
250 |a 22a. ed 
300 |a 334 p 
942 |c BK 
945 |d 19950512 00:00:00  |a cmena 
260 |a Buenos Aires  |b El Ateneo  |c 1962 
650 0 |a Psicología   |9 257863 
650 0 |a Filosofía   |9 223554 
650 0 |a Ciencia  |9 255691 
650 7 |a PARAPSICOLOGIA  |2 CL-VaPUC  |9 309534 
650 0 |a Conciencia  |9 309452 
650 0 |a Memoria  |9 266549 
650 0 |a Cognición   |9 270347 
650 0 |a Imaginación  |9 269378 
650 0 |a Procesos mentales superiores  |9 330839 
650 0 |a Psicología individual  |9 309049 
650 0 |a Psicología social   |9 222894 
650 0 |a Psicología clínica  |9 307259 
650 7 |a SENSACION  |2 CL-VaPUC  |9 334611 
583 |a last modification  |c 19950512 00:00:00  |k Rodrigo Vera 
999 |c 233389  |d 233387 
952 |0 0  |1 0  |4 0  |6 150_000000000000000_FIN_1962  |7 0  |8 P  |9 238889  |a BIBEDU  |b BIBEDU  |c BIBEDU_PB  |d 2019-11-18  |i 1502506  |o 150 FIN 1962  |p 1502506  |r 2024-01-25  |w 2019-11-18  |y BK  |k EDU